000
00301nam a2200145Ia 4500
005
20260513122050.0
020
_a
9783031464591
100
_a
Mogensen
365
_c
€
365
_b
28.00
942
_c
BK
245
_a
Introduction to Compiler Design
260
_b
Springer
999
_c
28
_d
28